| 000 | 00457nam a22001697a 4500 | ||
|---|---|---|---|
| 003 | MPLRDC | ||
| 005 | 20220104170640.0 | ||
| 008 | 210129b ||||| |||| 00| 0 eng d | ||
| 082 | _a220.7 CHAH-2 1999 | ||
| 100 | _aAJAHN CHAH | ||
| 245 |
_aSEEING THE WAY, BUDDHIST REFLECTIONS ON THE SPIRITUAL LIFE _c |
||
| 250 | _a再版 | ||
| 260 |
_a _bWISDOM AUDIO VISUAL EXCAHNGE _c1999 |
||
| 300 | _b平 | ||
| 650 | _a佛教杂论 | ||
| 942 |
_cBK _o220.7 CHAH-2 1999 |
||
| 999 |
_c58052 _d58042 |
||